000
00357nam a2200157Ia 4500
005
20250425161624.0
008
250425s9999 xx 000 0 und d
041
_a
spa
082
_a
IBM4381
245
0
_a
SUELO Y FERTILIZACION EN FRUTICULTURA
250
_a
S.E.
260
_a
S.L.
260
_a
Sin Pais
_b
MUND
_c
1979
942
_c
01
010
_a
24450
999
_c
212767
_d
212767